000 00230 a2200097 4500
001 9392
100 _aIkram, S M
245 _aModern Muslim India and the birth of Pakistan
260 _a
_bAshraf (Lahore)
_c
090 _c7551
_d7551
942 _aNUST-CAE
_cM
_c34213
999 _c244465
_d244465